LIBRARY & INFORMATION CENTRE, KCAET, TAVANUR

ONLINE PUBLIC ACCESS CATALOGUE (OPAC)

Organic Chemistry / (Record no. 1670)

MARC details
000 -LEADER
fixed length control field 00341cam a2200133ua 4500
082 ## - DEWEY DECIMAL CLASSIFICATION NUMBER
Classification number 547
Item number KIP/OR
100 ## - MAIN ENTRY--AUTHOR NAME
Personal name Kipping, Stanley. F .
245 ## - TITLE STATEMENT
Title Organic Chemistry /
250 ## - EDITION STATEMENT
Edition statement 1 /
260 ## - PUBLICATION, DISTRIBUTION, ETC. (IMPRINT)
Place of publication London :
Name of publisher The English Language Book Society ,
Year of publication 1961.
300 ## - PHYSICAL DESCRIPTION
Number of Pages 725 ; .
700 1# - ADDED ENTRY--PERSONAL NAME
Personal name Kipping , Barry.F .
942 ## - ADDED ENTRY ELEMENTS (KOHA)
Koha item type Books
Holdings
Withdrawn status Lost status Damaged status Home library Current library Date acquired Full call number Accession Number Koha item type
      KAUAET KAUAET 07/04/2012 547 13229 Books
free website counter